[Event "Mittelfrank Regionalliga Sud-West 2223"]
[Site "Mittelfranken"]
[Date "2023.03.05"]
[Round "7.7"]
[White "Guenther, Joerg"]
[Black "Rabenstein, Winfried"]
[Result "1/2-1/2"]
[WhiteElo "1974"]
[BlackElo "2021"]
[PlyCount "114"]
[EventDate "2022.10.09"]
[EventType "team-tourn"]
[EventRounds "9"]
[EventCountry "GER"]
[SourceTitle "EXT 2024"]
[Source "ChessBase"]
[SourceDate "2023.10.10"]
[SourceVersion "1"]
[SourceVersionDate "2023.10.10"]
[SourceQuality "1"]
[WhiteTeam "Altstadt Roter Turm"]
[BlackTeam "Haar"]
[WhiteTeamCountry "GER"]
[BlackTeamCountry "GER"]

1. e4 c5 2. c3 Nf6 3. e5 Nd5 4. d4 cxd4 5. Nf3 Nc6 6. cxd4 d6 7. Bc4 dxe5 8. dxe5 Nb6 9. Qxd8+ Nxd8 10. Bb3 Be6 11. 0-0 g6 12. Nc3 Bg7 13. Nb5 0-0 14. Nc7 Bxb3 15. Nxa8 Bc4 16. Nxb6 Bxf1 17. Nd7 Bb5 18. Nxf8 Kxf8 19. Nd4 Bd7 20. f4 f6 21. exf6 Bxf6 22. Be3 Nc6 23. Nxc6 Bxc6 24. Bxa7 Bxb2 25. Rd1 Ba3 26. g3 h5 27. Kf2 Kf7 28. Rd3 Bd6 29. Bd4 Ke6 30. Ke3 Kf5 31. Rc3 Ke6 32. Bc5 Bc7 33. Kd4 Kf6 34. Re3 e6 35. a3 h4 36. Kc4 hxg3 37. hxg3 Kf5 38. Kd4 Bd5 39. a4 Kg4 40. Ra3 Ba5 41. Be7 Kf5 42. Re3 Bb6+ 43. Bc5 Bc7 44. Ba7 Bc6 45. Ra3 e5+ 46. fxe5 Bxe5+ 47. Kc4 g5 48. a5 Kg4 49. Bf2 Kh3 50. Kc5 Bg2 51. Kb6 Kg4 52. Ka7 Bc7 53. Be1 Bc6 54. Rb3 Kh3 55. Rxb7 Bxb7 56. Kxb7 Bxa5 57. Bxa5 Kxg3 1/2-1/2

[Event "Mittelfrank Regionalliga Sud-West 2223"]
[Site "Mittelfranken"]
[Date "2022.10.23"]
[Round "2.7"]
[White "Schmitz, Tim"]
[Black "Rabenstein, Winfried"]
[Result "0-1"]
[WhiteElo "1885"]
[BlackElo "2021"]
[PlyCount "80"]
[EventDate "2022.10.09"]
[EventType "team-tourn"]
[EventRounds "9"]
[EventCountry "GER"]
[SourceTitle "EXT 2024"]
[Source "ChessBase"]
[SourceDate "2023.10.10"]
[SourceVersion "1"]
[SourceVersionDate "2023.10.10"]
[SourceQuality "1"]
[WhiteTeam "Sendling"]
[BlackTeam "Haar"]
[WhiteTeamCountry "GER"]
[BlackTeamCountry "GER"]

1. e4 c5 2. c3 Nf6 3. e5 Nd5 4. d4 cxd4 5. Nf3 Nc6 6. cxd4 d6 7. Bc4 dxe5 8. Bxd5 Qxd5 9. Nc3 Qa5 10. d5 Nd8 11. Nxe5 e6 12. 0-0 Bb4 13. Be3 Bxc3 14. bxc3 Qxd5 15. Qa4+ b5 16. Qf4 f6 17. Nf3 e5 18. Qb4 Qc4 19. Rfd1 Be6 20. a4 Qxb4 21. cxb4 bxa4 22. Rdc1 Bd7 23. Rc7 Ne6 24. Rxa7 Rxa7 25. Bxa7 Ke7 26. Nd2 Rc8 27. f3 Rc2 28. Ne4 Bb5 29. Bc5+ Kd7 30. Rd1+ Kc7 31. Be3 a3 32. Rc1 Nd4 33. Rxc2+ Nxc2 34. Bc1 a2 35. Bb2 a1Q+ 36. Bxa1 Nxa1 37. Nc3 Bc4 38. Kf2 Nc2 39. b5 Nd4 40. Ke3 Nxb5 0-1

[Event "Mittelfrank Regionalliga Sud-West 2122"]
[Site "Mittelfranken"]
[Date "2022.06.26"]
[Round "3.6"]
[White "Rabenstein, Winfried"]
[Black "Roeder, Johannes"]
[Result "1/2-1/2"]
[WhiteElo "2011"]
[BlackElo "1824"]
[PlyCount "59"]
[EventDate "2021.10.24"]
[EventType "team-tourn"]
[EventRounds "9"]
[EventCountry "GER"]
[SourceTitle "EXT 2024"]
[Source "ChessBase"]
[SourceDate "2023.10.10"]
[SourceVersion "1"]
[SourceVersionDate "2023.10.10"]
[SourceQuality "1"]
[WhiteTeam "Haar"]
[BlackTeam "Haunstetten II"]
[WhiteTeamCountry "GER"]
[BlackTeamCountry "GER"]

1. c4 e5 2. Nc3 Nf6 3. Nf3 d6 4. g3 g6 5. Bg2 Bg7 6. d4 Nbd7 7. 0-0 0-0 8. e4 c6 9. h3 Qc7 10. Be3 h6 11. Rc1 Kh7 12. Qd2 Re8 13. b3 b6 14. d5 c5 15. Ne1 Ng8 16. Nd3 Nf8 17. f4 f6 18. Rf2 Bd7 19. Rcf1 Qc8 20. Kh2 Re7 21. fxe5 fxe5 22. Ne2 Qe8 23. g4 Kh8 24. Ng3 Nh7 25. Ne1 g5 26. Nf5 Bxf5 27. Rxf5 Qg6 28. Nf3 Bf6 29. Ng1 Rf7 30. Ne2 1/2-1/2

[Event "Mittelfrank Regionalliga Sud-West 2122"]
[Site "Mittelfranken"]
[Date "2022.05.08"]
[Round "8.7"]
[White "Abdic, Adnan"]
[Black "Rabenstein, Winfried"]
[Result "1/2-1/2"]
[WhiteElo "2107"]
[BlackElo "2011"]
[PlyCount "68"]
[EventDate "2021.10.24"]
[EventType "team-tourn"]
[EventRounds "9"]
[EventCountry "GER"]
[SourceTitle "EXT 2024"]
[Source "ChessBase"]
[SourceDate "2023.10.10"]
[SourceVersion "1"]
[SourceVersionDate "2023.10.10"]
[SourceQuality "1"]
[WhiteTeam "Augsburg Schachfreunde"]
[BlackTeam "Haar"]
[WhiteTeamCountry "GER"]
[BlackTeamCountry "GER"]

1. e4 c5 2. Nf3 Nc6 3. d4 cxd4 4. Nxd4 Nf6 5. Nc3 e5 6. Ndb5 d6 7. Bg5 a6 8. Na3 b5 9. Nd5 Be7 10. Bxf6 Bxf6 11. c3 Bg5 12. Be2 0-0 13. 0-0 Ne7 14. c4 Nxd5 15. Qxd5 Be6 16. Qd3 b4 17. Nc2 Qb6 18. a3 b3 19. Nb4 a5 20. Nd5 Bxd5 21. Qxd5 a4 22. Rad1 Rfd8 23. Qd3 g6 24. Qg3 Bh6 25. h4 Qc7 26. h5 Qe7 27. hxg6 hxg6 28. Rd5 Kg7 29. Rfd1 Rh8 30. Qg4 Rad8 31. g3 Bg5 32. Bf1 Bf6 33. R1d3 Qc7 34. Rd1 Be7 1/2-1/2

[Event "Regionalliga Sued-West 1819"]
[Site "Bayern"]
[Date "2019.04.07"]
[Round "9.5"]
[White "Watzenberger, Stefan"]
[Black "Rabenstein, Winfried"]
[Result "1-0"]
[WhiteElo "2108"]
[BlackElo "2018"]
[PlyCount "89"]
[EventDate "2018.10.21"]
[EventType "team-tourn"]
[EventRounds "9"]
[EventCountry "GER"]
[SourceTitle "EXT 2022"]
[Source "ChessBase"]
[SourceDate "2021.10.06"]
[SourceVersion "1"]
[SourceVersionDate "2021.10.06"]
[SourceQuality "1"]
[WhiteTeam "Sendling SC"]
[BlackTeam "Haar"]
[WhiteTeamCountry "GER"]
[BlackTeamCountry "GER"]

1. e4 c5 2. d4 cxd4 3. c3 dxc3 4. Nxc3 Nc6 5. Nf3 e6 6. Bc4 a6 7. 0-0 b5 8. Bb3 Bb7 9. Qe2 Nge7 10. Bg5 Na5 11. Bc2 f6 12. Be3 Ng6 13. Rfd1 Rc8 14. Nd4 Qc7 15. Rac1 Nc4 16. Bb3 Nxe3 17. Qxe3 Qf4 18. Qh3 Qe5 19. Nxe6 dxe6 20. Bxe6 Nf4 21. Bd7+ Ke7 22. Qe3 Rc7 23. g3 Rxd7 24. gxf4 Rxd1+ 25. Rxd1 Qe6 26. Qa7 Qc6 27. Qb8 Kf7 28. Rd8 b4 29. Nd5 Qc1+ 30. Kg2 Bxd5 31. exd5 Qd1 32. Qc8 h5 33. Qe6+ Kg6 34. h3 Qd4 35. Qe8+ Kh6 36. f5 Kh7 37. Qxh5+ Kg8 38. Rxf8+ Kxf8 39. Qxh8+ Kf7 40. Qh5+ Ke7 41. Qe2+ Kd8 42. Qe6 Qh4 43. Qg8+ Ke7 44. Qxg7+ Kd6 45. Qg3+ 1-0

[Event "Regionalliga Sued-West 1819"]
[Site "Bayern"]
[Date "2019.02.24"]
[Round "7.5"]
[White "Jermann, Frank"]
[Black "Rabenstein, Winfried"]
[Result "1/2-1/2"]
[WhiteElo "1995"]
[BlackElo "2018"]
[PlyCount "45"]
[EventDate "2018.10.21"]
[EventType "team-tourn"]
[EventRounds "9"]
[EventCountry "GER"]
[SourceTitle "EXT 2022"]
[Source "ChessBase"]
[SourceDate "2021.10.06"]
[SourceVersion "1"]
[SourceVersionDate "2021.10.06"]
[SourceQuality "1"]
[WhiteTeam "Augsburg SF"]
[BlackTeam "Haar"]
[WhiteTeamCountry "GER"]
[BlackTeamCountry "GER"]

1. d4 f5 2. Nf3 e6 3. e3 Nf6 4. c4 d5 5. Be2 c6 6. 0-0 Bd6 7. b3 Qe7 8. Bb2 0-0 9. Ne5 Nbd7 10. Nd2 Ne4 11. f3 Nxd2 12. Qxd2 Bb4 13. Bc3 Bxc3 14. Qxc3 Nxe5 15. dxe5 Bd7 16. f4 Be8 17. Rac1 Rd8 18. Rfd1 g5 19. g3 Rf7 20. cxd5 cxd5 21. Qc5 gxf4 22. Qxe7 Rxe7 23. exf4 1/2-1/2

[Event "Regionalliga Sued-West 1819"]
[Site "Bayern"]
[Date "2018.11.25"]
[Round "3.5"]
[White "Wittke, Volker"]
[Black "Rabenstein, Winfried"]
[Result "1/2-1/2"]
[WhiteElo "2067"]
[BlackElo "2018"]
[PlyCount "72"]
[EventDate "2018.10.21"]
[EventType "team-tourn"]
[EventRounds "9"]
[EventCountry "GER"]
[SourceTitle "EXT 2022"]
[Source "ChessBase"]
[SourceDate "2021.10.06"]
[SourceVersion "1"]
[SourceVersionDate "2021.10.06"]
[SourceQuality "1"]
[WhiteTeam "Garching III"]
[BlackTeam "Haar"]
[WhiteTeamCountry "GER"]
[BlackTeamCountry "GER"]

1. e4 c5 2. Nc3 Nc6 3. g3 g6 4. Bg2 Bg7 5. d3 d6 6. Nh3 e5 7. 0-0 Nge7 8. f4 0-0 9. f5 f6 10. g4 Nd4 11. Be3 Bd7 12. Qd2 Kh8 13. Rf2 Bc6 14. Raf1 gxf5 15. gxf5 b6 16. Nd1 Bb7 17. c3 Ndc6 18. c4 Nd4 19. Nc3 Rf7 20. Qd1 Qf8 21. Qh5 Ng8 22. Kh1 Rd7 23. Rg1 Bh6 24. Bxd4 cxd4 25. Nd1 Bc1 26. Bf1 Qh6 27. Qf3 Ne7 28. Rfg2 Rg8 29. Nhf2 Rxg2 30. Rxg2 Ng8 31. Ng4 Qf4 32. Be2 Qxf3 33. Bxf3 Bg5 34. Ngf2 Rg7 35. Nh3 Bh6 36. Bg4 Bc6 1/2-1/2

[Event "Regionalliga Sued-West 1718"]
[Site "Bayern"]
[Date "2018.02.25"]
[Round "7.2"]
[White "Rabenstein, Winfried"]
[Black "Mueller, Lukas1111"]
[Result "1/2-1/2"]
[WhiteElo "2042"]
[BlackElo "2016"]
[PlyCount "32"]
[EventDate "2017.10.22"]
[EventType "team-tourn"]
[EventRounds "9"]
[EventCountry "GER"]
[SourceTitle "EXT 2022"]
[Source "ChessBase"]
[SourceDate "2021.10.06"]
[SourceVersion "1"]
[SourceVersionDate "2021.10.06"]
[SourceQuality "1"]
[WhiteTeam "Haar"]
[BlackTeam "Zugzwang MSA II"]
[WhiteTeamCountry "GER"]
[BlackTeamCountry "GER"]

1. c4 e5 2. Nc3 Nc6 3. g3 Nf6 4. Bg2 Bb4 5. e4 0-0 6. Nge2 a5 7. 0-0 Bc5 8. d3 d6 9. h3 Kh8 10. Kh2 Ng8 11. f4 Bd7 12. Nd5 Nge7 13. b3 Nxd5 14. cxd5 Nd4 15. Bb2 Nxe2 16. Qxe2 f6 1/2-1/2

[Event "GER-chT Betriebe 15th"]
[Site "Munich"]
[Date "2015.10.25"]
[Round "7.3"]
[White "Broehl, Stephan"]
[Black "Rabenstein, Winfried"]
[Result "1/2-1/2"]
[WhiteElo "2122"]
[BlackElo "2036"]
[PlyCount "132"]
[EventDate "2015.10.22"]
[EventType "team-swiss"]
[EventRounds "7"]
[EventCountry "GER"]
[SourceTitle "EXT 2020"]
[Source "ChessBase"]
[SourceDate "2019.10.17"]
[SourceVersion "1"]
[SourceVersionDate "2019.10.17"]
[SourceQuality "1"]
[WhiteTeam "Bonn Ernaehrung und Landwirtschaft"]
[BlackTeam "Muenchen EPA II"]
[WhiteTeamCountry "GER"]
[BlackTeamCountry "GER"]

1. e4 c5 2. Nc3 e6 3. Nge2 Nc6 4. d4 cxd4 5. Nxd4 Nf6 6. Ndb5 d6 7. Bf4 e5 8. Bg5 a6 9. Na3 b5 10. Nd5 Be7 11. Bxf6 Bxf6 12. c4 b4 13. Nc2 a5 14. g3 Bg5 15. h4 Bh6 16. Bh3 Ne7 17. Nce3 Bxe3 18. Nxe3 0-0 19. Bxc8 Rxc8 20. Qd3 Qd7 21. Rd1 f5 22. exf5 Nxf5 23. Nxf5 Qxf5 24. Qxf5 Rxf5 25. b3 a4 26. Ke2 axb3 27. axb3 Rcf8 28. Rhf1 Rf3 29. Rxd6 Rxb3 30. Rd3 Rb2+ 31. Ke3 Rc2 32. Rd5 Rc3+ 33. Ke2 Ra8 34. Rb1 Ra2+ 35. Ke1 b3 36. Rd2 Kf7 37. c5 h5 38. Rdb2 Ra3 39. Kd2 Rf3 40. Ke2 e4 41. Rd1 Ra2 42. Rdd2 Rxb2 43. Rxb2 Ke6 44. Rd2 Rc3 45. Rd6+ Ke5 46. Rb6 Kd5 47. c6 Kd6 48. Rb8 Kc7 49. Rb4 Rc2+ 50. Kd1 Rxf2 51. Rxb3 Kxc6 52. Ke1 Ra2 53. Rb8 Kd5 54. Rd8+ Ke5 55. Re8+ Kd4 56. Rb8 Rg2 57. Rb4+ Kd5 58. Rb5+ Kc4 59. Rg5 Kd3 60. Rxg7 Ke3 61. Kf1 Rf2+ 62. Kg1 Rd2 63. Rf7 Ke2 64. Rf2+ Kd1 65. Rf1+ Ke2 66. Rf2+ Kd1 1/2-1/2

[Event "Regionalliga SW 1314"]
[Site "Bayern"]
[Date "2014.02.09"]
[Round "6.8"]
[White "Gruber, Bernd"]
[Black "Rabenstein, Winfried"]
[Result "1/2-1/2"]
[WhiteElo "1812"]
[BlackElo "1945"]
[PlyCount "92"]
[EventDate "2013.10.13"]
[EventType "team-tourn"]
[EventRounds "9"]
[EventCountry "GER"]
[SourceTitle "EXT 2015"]
[Source "ChessBase"]
[SourceDate "2014.11.20"]
[SourceVersion "1"]
[SourceVersionDate "2014.11.20"]
[SourceQuality "1"]
[WhiteTeam "Muenchen Siemens"]
[BlackTeam "Haar"]
[WhiteTeamCountry "GER"]
[BlackTeamCountry "GER"]

1. d4 f5 2. Nf3 Nf6 3. Bg5 e6 4. Nbd2 Be7 5. Bxf6 Bxf6 6. e4 0-0 7. Bd3 d6 8. 0-0 g6 9. c3 Nc6 10. Qc2 Kh8 11. Rae1 Bg7 12. exf5 exf5 13. Re2 Bd7 14. Rfe1 Qf6 15. Bb5 a6 16. Bxc6 Bxc6 17. Re6 Qd8 18. Qd3 Bd5 19. Re7 Bf6 20. R7e3 Qd7 21. c4 Bf7 22. b3 Rae8 23. h4 Rxe3 24. Rxe3 Re8 25. Ng5 Bg8 26. Ndf3 Re7 27. d5 c5 28. h5 h6 29. Ne6 Bxe6 30. dxe6 Rxe6 31. hxg6 Rxe3 32. Qxe3 Kg7 33. Qf4 Qe6 34. g3 b5 35. Kg2 Kxg6 36. Kh3 Bg5 37. Nh4+ Kf6 38. Qf3 bxc4 39. bxc4 Qxc4 40. Qxf5+ Ke7 41. Ng6+ Kd8 42. f4 Qf1+ 43. Kh2 Be7 44. Qe6 Qf2+ 45. Kh3 Qf1+ 46. Kh2 Qf2+ 1/2-1/2